[Event "ENCI Limburg-open C"]
[Site "Maastricht"]
[Date "2009.05.31"]
[Round "4"]
[White "Roemhild, Wolfgang"]
[Black "Maessen, Roy"]
[Result "1/2-1/2"]
[WhiteElo "1648"]
[BlackElo "1394"]
[PlyCount "81"]
[EventDate "2009.05.29"]
[EventType "swiss"]
[EventRounds "7"]
[EventCountry "NED"]
[Source "P.Boonen"]
[SourceDate "2010.01.01"]

1. b3 Nf6 2. Nc3 g6 3. Bb2 Bg7 4. e3 d5 5. Nf3 O-O 6. d4 Bf5 7. Be2 Nc6 8. a3
Ne4 9. O-O a6 10. Ne1 Qd6 11. Nd3 b6 12. Bf3 e5 13. Ne2 Ng5 14. Nxe5 Nxe5 15.
dxe5 Nxf3+ 16. gxf3 Bxe5 17. Bxe5 Qxe5 18. f4 Qe6 19. Nd4 Qe4 20. Nxf5 Qxf5 21.
Qe2 Rfe8 22. Rae1 b5 23. f3 d4 24. Qd3 dxe3 25. Rxe3 Qc5 26. Rfe1 Rad8 27. Qe2
Rxe3 28. Qxe3 Qxe3+ 29. Rxe3 Rd1+ 30. Kf2 Rd2+ 31. Re2 Rxe2+ 32. Kxe2 Kf8 33.
Kd3 Ke7 34. c4 c6 35. Kd4 Kd6 36. c5+ Ke6 37. a4 f5 38. axb5 axb5 39. h4 h6 40.
b4 h5 41. Kc3 1/2-1/2

[Event "ENCI Limburg-open C"]
[Site "Maastricht"]
[Date "2009.05.31"]
[Round "4"]
[White "Schueller, Tobias"]
[Black "Chappin, Rene"]
[Result "1/2-1/2"]
[WhiteElo "1597"]
[BlackElo "1632"]
[PlyCount "61"]
[EventDate "2009.05.29"]
[EventType "swiss"]
[EventRounds "7"]
[EventCountry "NED"]
[Source "P.Boonen"]
[SourceDate "2010.01.01"]

1. e4 e6 2. d4 d5 3. Nd2 dxe4 4. Nxe4 Bd7 5. c3 Bc6 6. Ng3 Nd7 7. Nf3 Ngf6 8.
Bd3 Be7 9. O-O Bxf3 10. Qxf3 c6 11. Re1 Qc7 12. Bf4 Bd6 13. Bxd6 Qxd6 14. Nf5
Qf8 15. Qg3 Kd8 16. Nd6 Rb8 17. Ne4 Nxe4 18. Rxe4 Rc8 19. Rd1 Nf6 20. Re2 Kd7
21. Be4 Nxe4 22. Rxe4 g6 23. Qe5 Qd6 24. Qg7 Qf8 25. Qe5 Qd6 26. f4 Qxe5 27.
fxe5 Ke7 28. Rf1 Rcf8 29. Ref4 h5 30. h4 Rh7 31. R1f3 1/2-1/2

[Event "ENCI Limburg-open C"]
[Site "Maastricht"]
[Date "2009.05.31"]
[Round "4"]
[White "Sharifi Shamili, Ashkan"]
[Black "De Lange, Gerard"]
[Result "1-0"]
[WhiteElo "1653"]
[BlackElo "1668"]
[PlyCount "89"]
[EventDate "2009.05.29"]
[EventType "swiss"]
[EventRounds "7"]
[EventCountry "NED"]
[Source "P.Boonen"]
[SourceDate "2010.01.01"]

1. Nf3 d5 2. g3 Nf6 3. Bg2 Nc6 4. O-O e5 5. d3 h6 6. a3 Bd6 7. Nbd2 O-O 8. h3
Be6 9. c4 Qd7 10. cxd5 Nxd5 11. Kh2 Nf6 12. Qc2 Rab8 13. Nc4 Rfc8 14. Qc3 e4
15. Nfd2 Nd5 16. Qc2 e3 17. fxe3 b5 18. e4 bxc4 19. exd5 Bxd5 20. dxc4 Nd4 21.
Qd3 Be6 22. b4 c5 23. b5 Bf5 24. e4 Be6 25. Nb3 Be5 26. Rb1 Nxb3 27. Qxb3 f5
28. Bf4 Bxf4 29. Rxf4 fxe4 30. Rd1 Qc7 31. Rxe4 Bf5 32. Re3 Rd8 33. Bd5+ Kh8
34. Rde1 Qc8 35. Re7 Qa6 36. Re8+ Rxe8 37. Rxe8+ Rxe8 38. bxa6 Re2+ 39. Kg1
Bxh3 40. Qb8+ Kh7 41. Bg8+ Kg6 42. Qd6+ Kg5 43. Qd5+ Kg4 44. Be6+ Kxg3 45. Qd3+
1-0

[Event "ENCI Limburg-open C"]
[Site "Maastricht"]
[Date "2009.05.31"]
[Round "4"]
[White "Swijsen, Willy"]
[Black "Sterck, Arno"]
[Result "1-0"]
[WhiteElo "1196"]
[BlackElo "1343"]
[PlyCount "51"]
[EventDate "2009.05.29"]
[EventType "swiss"]
[EventRounds "7"]
[EventCountry "NED"]
[Source "P.Boonen"]
[SourceDate "2010.01.01"]

1. d4 d5 2. Nf3 e6 3. e3 Nf6 4. Bd3 c5 5. b3 Be7 6. Bb2 O-O 7. O-O Nbd7 8. Nbd2
Qc7 9. Ne5 Bd6 10. f4 Bxe5 11. fxe5 Ne8 12. c4 f6 13. Qh5 h6 14. Qg6 f5 15.
cxd5 exd5 16. Bxf5 Nef6 17. exf6 Nxf6 18. dxc5 Qxc5 19. Bd4 Qc6 20. Rac1 Bxf5
21. Qxf5 Qa6 22. a4 Ne4 23. Qg4 Ng5 24. h4 Ne6 25. Rc7 Rxf1+ 26. Nxf1 1-0

[Event "ENCI Limburg-open C"]
[Site "Maastricht"]
[Date "2009.05.31"]
[Round "4"]
[White "Tutenel, Eric"]
[Black "Bokern, Peter"]
[Result "1-0"]
[WhiteElo "1674"]
[BlackElo "1388"]
[PlyCount "51"]
[EventDate "2009.05.29"]
[EventType "swiss"]
[EventRounds "7"]
[EventCountry "NED"]
[Source "P.Boonen"]
[SourceDate "2010.01.01"]

1. e4 e5 2. Nc3 Nf6 3. f4 Nc6 4. fxe5 Nxe5 5. d4 Nc6 6. e5 Ng8 7. Nf3 d6 8. Bf4
Bg4 9. Bb5 dxe5 10. Qe2 Qe7 11. Nd5 Qd7 12. Bxc6 Qxc6 13. Qxe5+ Kd7 14. Qxc7+
Qxc7 15. Nxc7 Bxf3 16. Nxa8 Bxg2 17. Rg1 Bc6 18. O-O-O Nf6 19. Nc7 Nh5 20. Rgf1
Nxf4 21. Rxf4 Kxc7 22. Rxf7+ Kd8 23. Rdf1 Ke8 24. c4 Rg8 25. Rc7 Bd6 26. Rc8+
1-0

[Event "ENCI Limburg-open C"]
[Site "Maastricht"]
[Date "2009.05.31"]
[Round "4"]
[White "Van Leeuwen, Jan"]
[Black "Titgemeyer, Eva Maria"]
[Result "1-0"]
[WhiteElo "1612"]
[BlackElo "1055"]
[PlyCount "77"]
[EventDate "2009.05.29"]
[EventType "swiss"]
[EventRounds "7"]
[EventCountry "NED"]
[Source "P.Boonen"]
[SourceDate "2010.01.01"]

1. d4 d5 2. Nf3 Nf6 3. e3 e6 4. Bd3 Nbd7 5. O-O c5 6. c3 Qb6 7. Nbd2 Bd6 8. a4
a5 9. Re1 O-O 10. e4 e5 11. dxe5 Bxe5 12. exd5 Qd6 13. Nc4 Qxd5 14. Ncxe5 Nxe5
15. Nxe5 b6 16. Qc2 Bb7 17. f3 Rfe8 18. Bf4 Nh5 19. Bxh7+ Kh8 20. Rad1 Qa2 21.
Bc1 g6 22. Bxg6 fxg6 23. Qxg6 Ng7 24. Nf7+ Kg8 25. Rxe8+ Rxe8 26. Nh6+ Kh8 27.
Nf5 Qg8 28. Nxg7 Rf8 29. Qh6+ Qh7 30. Qxh7+ Kxh7 31. Rd7 Rb8 32. Nf5+ Kg6 33.
Ne7+ Kf6 34. Rc7 Ke6 35. Ng6 Kd6 36. Bf4+ Ke6 37. Re7+ Kf5 38. Bxb8 Kxg6 39.
Rxb7 1-0

[Event "ENCI Limburg-open C"]
[Site "Maastricht"]
[Date "2009.05.31"]
[Round "4"]
[White "Van Odijk, Frank"]
[Black "Uiterwijk, Jos"]
[Result "1/2-1/2"]
[WhiteElo "1635"]
[BlackElo "1681"]
[PlyCount "50"]
[EventDate "2009.05.29"]
[EventType "swiss"]
[EventRounds "7"]
[EventCountry "NED"]
[Source "P.Boonen"]
[SourceDate "2010.01.01"]

1. d4 d5 2. c4 e6 3. e3 Nf6 4. Nc3 Bb4 5. Qb3 Nc6 6. Bd2 Bxc3 7. Bxc3 O-O 8.
Nf3 Ne4 9. Bd3 Nxc3 10. Qxc3 f5 11. O-O-O a5 12. a3 Ne7 13. c5 b6 14. Kc2 Bd7
15. Ne5 Ba4+ 16. b3 Be8 17. f4 b5 18. Ra1 c6 19. b4 a4 20. Qe1 Ng6 21. Qf2 Nxe5
22. fxe5 Bh5 23. Rae1 Qg5 24. h4 Qh6 25. Qf4 Qxf4 1/2-1/2

[Event "ENCI Limburg-open C"]
[Site "Maastricht"]
[Date "2009.05.31"]
[Round "4"]
[White "Visse, Bernard"]
[Black "Slangen Knuit, Dien"]
[Result "1-0"]
[WhiteElo "1668"]
[BlackElo "1265"]
[PlyCount "77"]
[EventDate "2009.05.29"]
[EventType "swiss"]
[EventRounds "7"]
[EventCountry "NED"]
[Source "P.Boonen"]
[SourceDate "2010.01.01"]

1. Nf3 d5 2. g3 e6 3. Bg2 Nf6 4. d3 c6 5. O-O Be7 6. Nbd2 O-O 7. e4 dxe4 8.
dxe4 Nbd7 9. Qe2 e5 10. Rd1 Qc7 11. Nc4 b6 12. Kh1 Ba6 13. Nfd2 Bb7 14. Ne3 c5
15. Nf5 Nb8 16. Nf1 Nc6 17. N1e3 Rfe8 18. c3 Rac8 19. Nd5 Nxd5 20. exd5 Na5 21.
Qg4 Bf6 22. Bh6 g6 23. d6 Bxg2+ 24. Kxg2 Qb7+ 25. Kh3 Rcd8 26. Bg5 Bg7 27. Bxd8
Rxd8 28. Nxg7 Kxg7 29. Qe2 f6 30. f3 h5 31. Kg2 Qf7 32. Rd3 c4 33. Rd2 Nc6 34.
Qe4 f5 35. Qxc6 Rd7 36. Rad1 f4 37. Qe4 Qe6 38. gxf4 Qf6 39. Qxe5 1-0

[Event "ENCI Limburg-open C"]
[Site "Maastricht"]
[Date "2009.05.31"]
[Round "4"]
[White "Vissers, Yorrick"]
[Black "Van Herck, Rob"]
[Result "1/2-1/2"]
[WhiteElo "1670"]
[BlackElo "1535"]
[PlyCount "58"]
[EventDate "2009.05.29"]
[EventType "swiss"]
[EventRounds "7"]
[EventCountry "NED"]
[Source "P.Boonen"]
[SourceDate "2010.01.01"]

1. e4 d5 2. exd5 Nf6 3. d4 Nxd5 4. Nf3 Bg4 5. Be2 e6 6. c4 Nb6 7. O-O Nc6 8.
Be3 g6 9. Qd2 Bg7 10. Rd1 O-O 11. Na3 Qd7 12. h3 Rad8 13. hxg4 e5 14. d5 Ne7
15. Ne1 f5 16. Bg5 Rf7 17. Bxe7 Qxe7 18. g3 Rdf8 19. Ng2 fxg4 20. Rf1 h5 21.
Nh4 Kh7 22. Bd3 e4 23. Rae1 Bh6 24. Qc3 Rxf2 25. Rxf2 Qc5 26. Nxg6 Qxf2+ 27.
Kh1 Qf3+ 28. Kh2 Qf2+ 29. Kh1 Qf3+ 1/2-1/2

[Event "ENCI Limburg-open C"]
[Site "Maastricht"]
[Date "2009.05.31"]
[Round "4"]
[White "Weerts, Rene"]
[Black "Haitsma, Henk"]
[Result "0-1"]
[WhiteElo "1556"]
[BlackElo "1673"]
[PlyCount "35"]
[EventDate "2009.05.29"]
[EventType "swiss"]
[EventRounds "7"]
[EventCountry "NED"]
[Source "P.Boonen"]
[SourceDate "2010.01.01"]

1. d4 d5 2. Nf3 Nf6 3. Bg5 e6 4. Nbd2 Be7 5. e3 O-O 6. Bd3 Nbd7 7. Ne5 h6 8. h4
c5 9. c3 c4 10. Bc2 Nh7 11. Qg4 Nhf6 12. Qe2 Re8 13. Nxd7 Bxd7 14. Bxf6 Bxf6
15. Qh5 e5 16. g4 e4 17. g5 g6 18. gxf6 0-1

[Event "ENCI Limburg-open C"]
[Site "Maastricht"]
[Date "2009.05.31"]
[Round "4"]
[White "Yue, Tim"]
[Black "Mohamedjoesoef, Rafiek"]
[Result "1-0"]
[WhiteElo "1497"]
[BlackElo "1664"]
[PlyCount "135"]
[EventDate "2009.05.29"]
[EventType "swiss"]
[EventRounds "7"]
[EventCountry "NED"]
[Source "P.Boonen"]
[SourceDate "2010.01.01"]

1. e4 c5 2. Nf3 d6 3. d4 cxd4 4. Nxd4 Nf6 5. Nc3 g6 6. Be3 Bg7 7. f3 Nc6 8. Qd2
O-O 9. Bc4 Bd7 10. O-O Rc8 11. Bb3 Ne5 12. Rad1 Nc4 13. Bxc4 Rxc4 14. Nd5 Nxd5
15. exd5 Qc7 16. c3 a6 17. Rc1 Rc8 18. Rfe1 Qa5 19. Ra1 Qxd5 20. Nb3 Qxd2 21.
Nxd2 R4c6 22. Nb3 b6 23. Rad1 Be6 24. Nd4 Bxd4 25. Bxd4 Kf8 26. a3 b5 27. Rd2
Bc4 28. f4 e6 29. Kf2 f5 30. Red1 Kf7 31. Re1 Bd5 32. Red1 h6 33. h4 Be4 34.
Be3 d5 35. Bd4 Rg8 36. Be3 Rc7 37. Rh1 Re7 38. Rg1 e5 39. fxe5 g5 40. hxg5 hxg5
41. Bd4 Kg6 42. Rh1 Rh7 43. Rxh7 Kxh7 44. Rd1 Rh8 45. Rh1+ Kg8 46. Rxh8+ Kxh8
47. e6+ Kg8 48. Bf6 g4 49. g3 Kf8 50. Ke3 Ke8 51. Bh4 Kf8 52. Kd4 Ke8 53. Kc5
Kf8 54. Kb6 Bd3 55. Kxa6 b4+ 56. Kb6 bxc3 57. bxc3 Bc4 58. a4 d4 59. e7+ Ke8
60. cxd4 Kd7 61. a5 Bd5 62. a6 Ba8 63. Ka7 Bc6 64. Kb8 Kd6 65. a7 f4 66. gxf4
g3 67. Bxg3 Kxe7 68. a8=Q 1-0

[Event "ENCI Limburg-open C"]
[Site "Maastricht"]
[Date "2009.05.31"]
[Round "5"]
[White "Begri, Felix"]
[Black "Hebels, Alex"]
[Result "1-0"]
[WhiteElo "1625"]
[BlackElo "1144"]
[PlyCount "142"]
[EventDate "2009.05.29"]
[EventType "swiss"]
[EventRounds "7"]
[EventCountry "NED"]
[Source "P.Boonen"]
[SourceDate "2010.01.01"]

1. d4 f5 2. c4 Nf6 3. Nc3 d6 4. g3 g6 5. Bg2 Bg7 6. Bg5 O-O 7. Qd2 c6 8. O-O-O
Qe8 9. Bxf6 Rxf6 10. h4 e5 11. d5 e4 12. e3 Na6 13. g4 Nc5 14. g5 Rf8 15. Nge2
Nd3+ 16. Kb1 Nxf2 17. Nf4 Nxh1 18. Rxh1 Qe7 19. Rg1 Be5 20. Nce2 c5 21. Bh3 Bd7
22. h5 Be8 23. hxg6 Bxg6 24. Ne6 Rf7 25. Qe1 Qd7 26. Qd1 b5 27. Qc2 bxc4 28.
Qxc4 Qb7 29. b3 a5 30. a4 Rb8 31. Nc1 Qb4 32. Qxb4 Rxb4 33. Nd8 Rc7 34. Nc6 Rb6
35. Bf1 Rbxc6 36. dxc6 Rxc6 37. Bb5 Rc7 38. Rg2 d5 39. Re2 f4 40. exf4 Bxf4 41.
Rg2 e3+ 42. Ka2 Re7 43. Ne2 Bd6 44. Rg1 d4 45. Bc4+ Kg7 46. Nc1 Bh5 47. Re1 Bg3
48. Rh1 e2 49. Nd3 Bf3 50. Rc1 e1=Q 51. Nxe1 Bxe1 52. Bd3 Bc3 53. b4 Bd5+ 54.
Kb1 Bxb4 55. Kc2 Be4 56. Bxe4 Rxe4 57. Kd3 Re3+ 58. Kc2 d3+ 59. Kb1 d2 60. Rd1
Re1 61. Kc2 Rxd1 62. Kxd1 Kg6 63. Ke2 Kxg5 64. Kd1 h5 65. Kc2 h4 66. Kd1 h3 67.
Kc2 h2 68. Kd3 h1=Q 69. Kc4 Qe4+ 70. Kb5 Qd3+ 71. Kc6 Kf6 {Tijdsoverschrijding}
1-0

[Event "ENCI Limburg-open C"]
[Site "Maastricht"]
[Date "2009.05.31"]
[Round "5"]
[White "Beukema, Jasper"]
[Black "Houben, Niels"]
[Result "0-1"]
[WhiteElo "858"]
[BlackElo "1243"]
[PlyCount "54"]
[EventDate "2009.05.29"]
[EventType "swiss"]
[EventRounds "7"]
[EventCountry "NED"]
[Source "P.Boonen"]
[SourceDate "2010.01.01"]

1. e4 e6 2. d4 d5 3. exd5 exd5 4. Nc3 g6 5. Nf3 Bg7 6. Bg5 Nf6 7. Ne5 O-O 8.
Qf3 Re8 9. O-O-O Be6 10. Be2 c6 11. Na4 h6 12. Bh4 g5 13. Bg3 Nbd7 14. Nc5 Nxe5
15. Bxe5 Bg4 16. Qd3 Bxe2 17. Qxe2 b6 18. Nb7 Qd7 19. Qa6 Qc8 20. f3 Re7 21.
Nc5 bxc5 22. Qxc8+ Rxc8 23. Bd6 Re2 24. Bxc5 Rxg2 25. Bxa7 Ra8 26. Bc5 Rxa2 27.
Ba3 Ra1# 0-1

[Event "ENCI Limburg-open C"]
[Site "Maastricht"]
[Date "2009.05.31"]
[Round "5"]
[White "Bex, Lennert"]
[Black "Heuts, Guido"]
[Result "1/2-1/2"]
[WhiteElo "1249"]
[BlackElo "1510"]
[PlyCount "94"]
[EventDate "2009.05.29"]
[EventType "swiss"]
[EventRounds "7"]
[EventCountry "NED"]
[Source "P.Boonen"]
[SourceDate "2010.01.01"]

1. d4 Nf6 2. Bf4 d5 3. e3 Nc6 4. c4 Bf5 5. Nc3 e6 6. Qb3 Bb4 7. c5 a6 8. a3
Bxc3+ 9. Qxc3 O-O 10. Bd3 Be4 11. f3 Bxd3 12. Qxd3 h6 13. Ne2 b6 14. cxb6 cxb6
15. O-O b5 16. Qc3 Ne7 17. Qb4 Re8 18. a4 bxa4 19. Rxa4 Nh5 20. Rfa1 Nxf4 21.
Nxf4 Nf5 22. Qc3 Rc8 23. Qd3 Qb6 24. b3 Qb5 25. e4 Qxd3 26. Nxd3 Rc3 27. exf5
Rxd3 28. fxe6 Rxe6 29. Rxa6 Rxa6 30. Rxa6 Rxd4 31. Ra4 Rd1+ 32. Kf2 d4 33. b4
d3 34. b5 Rd2+ 35. Kg3 Rb2 36. Rd4 d2 37. b6 Kh7 38. b7 Rxb7 39. Rxd2 Re7 40.
Kf4 g5+ 41. Kf5 Kg7 42. f4 gxf4 43. Kxf4 Re6 44. Rd3 Rf6+ 45. Kg4 Rg6+ 46. Kh3
Kf6 47. Rd6+ Kg7 1/2-1/2

[Event "ENCI Limburg-open C"]
[Site "Maastricht"]
[Date "2009.05.31"]
[Round "5"]
[White "Bokern, Peter"]
[Black "Hilverda, Jan"]
[Result "1-0"]
[WhiteElo "1388"]
[BlackElo "989"]
[PlyCount "151"]
[EventDate "2009.05.29"]
[EventType "swiss"]
[EventRounds "7"]
[EventCountry "NED"]
[Source "P.Boonen"]
[SourceDate "2010.01.01"]

1. e4 c5 2. Nf3 Nc6 3. d4 cxd4 4. Nxd4 Nf6 5. Nc3 e5 6. Nb3 h6 7. Bc4 a6 8. Be3
b5 9. Bd5 Bb7 10. Nc5 Bxc5 11. Bxc5 d6 12. Bxc6+ Bxc6 13. Bxd6 Nxe4 14. Nxe4
Bxe4 15. Bxe5 Qxd1+ 16. Rxd1 O-O 17. O-O Bxc2 18. Rd2 Rac8 19. Bc3 Bf5 20. Rfd1
Rfe8 21. h3 Be6 22. Rd6 Ra8 23. b3 Bf5 24. Rb6 Rec8 25. Be5 Rc2 26. a4 bxa4 27.
bxa4 Ra2 28. Ra1 Re2 29. Bf4 Bd3 30. Rd1 Bc2 31. Rdd6 Re4 32. Be3 Rxa4 33. Kf1
a5 34. Bd2 Ra1+ 35. Ke2 Re8+ 36. Kf3 Bd1+ 37. Kg3 Ra3+ 38. Kh2 a4 39. Bb4 Ra2
40. Rxd1 Ree2 41. Bc5 Rac2 42. Be3 a3 43. Ra6 a2 44. Kg3 Rc4 45. Kf3 Rec2 46.
Ra1 Rb2 47. R1xa2 Rb5 48. R6a5 Rb3 49. R2a3 Rb2 50. Ra7 Rc6 51. Re7 Rf6+ 52.
Kg3 Kf8 53. Raa7 Rb3 54. Kh2 Rb5 55. Re4 Kg8 56. Rf4 Rbf5 57. Rxf5 Rxf5 58. Kg3
h5 59. Ra4 g6 60. Rf4 Rg5+ 61. Kf3 Rb5 62. Ke4 f5+ 63. Kd3 Kf7 64. Rc4 Rb1 65.
Kd4 Ke6 66. Rc6+ Kf7 67. Ke5 Rb5+ 68. Kf4 Rb8 69. Kg5 Rg8 70. Bc5 f4 71. Rf6+
Kg7 72. Rxg6+ Kf7 73. Rxg8 Kxg8 74. Kxh5 Kf7 75. Kg5 Ke6 76. Kxf4 1-0

[Event "ENCI Limburg-open C"]
[Site "Maastricht"]
[Date "2009.05.31"]
[Round "5"]
[White "Callebaut, Giovanni"]
[Black "Sterck, Arno"]
[Result "0-1"]
[WhiteElo "1052"]
[BlackElo "1343"]
[PlyCount "34"]
[EventDate "2009.05.29"]
[EventType "swiss"]
[EventRounds "7"]
[EventCountry "NED"]
[Source "P.Boonen"]
[SourceDate "2010.01.01"]

1. d4 d5 2. c4 e6 3. Nc3 Nf6 4. Bg5 Be7 5. f3 Nbd7 6. cxd5 exd5 7. e4 dxe4 8.
fxe4 h6 9. Bxf6 Nxf6 10. e5 Nd5 11. Nge2 Be6 12. g3 O-O 13. Bg2 Ne3 14. Qb3
Nxg2+ 15. Kf1 Bxb3 16. axb3 Ne3+ 17. Ke1 Nc2+ 0-1

[Event "ENCI Limburg-open C"]
[Site "Maastricht"]
[Date "2009.05.31"]
[Round "5"]
[White "Chappin, Rene"]
[Black "Bok, Gidius"]
[Result "1/2-1/2"]
[WhiteElo "1632"]
[BlackElo "1482"]
[PlyCount "71"]
[EventDate "2009.05.29"]
[EventType "swiss"]
[EventRounds "7"]
[EventCountry "NED"]
[Source "P.Boonen"]
[SourceDate "2010.01.01"]

1. e4 e5 2. Nf3 Nc6 3. d4 exd4 4. Nxd4 Bc5 5. Nb3 Bb6 6. Nc3 d6 7. Bc4 Nf6 8.
Bg5 h6 9. Bh4 Be6 10. Bd5 Ne5 11. Bxb7 Bc4 12. Bxa8 Nfg4 13. Bg3 h5 14. Nd5 h4
15. Bxe5 Bxf2+ 16. Kd2 dxe5 17. Bc6+ Kf8 18. Kc3 Rh6 19. Ba4 Bxd5 20. Qxg4 Bxb3
21. Qd7 Bd4+ 22. Kd2 Qxd7 23. Bxd7 Rd6 24. Kc1 Be3+ 25. Kb1 Bc4 26. Bg4 Rd4 27.
Bf3 g5 28. h3 Be6 29. Rd1 f5 30. exf5 Bxf5 31. Rxd4 exd4 32. Be2 Be4 33. Bf1
Kf7 34. a4 Kf6 35. b3 Kf5 36. Bd3 1/2-1/2

[Event "ENCI Limburg-open C"]
[Site "Maastricht"]
[Date "2009.05.31"]
[Round "5"]
[White "De Lange, Gerard"]
[Black "Van Odijk, Frank"]
[Result "1-0"]
[WhiteElo "1668"]
[BlackElo "1635"]
[PlyCount "65"]
[EventDate "2009.05.29"]
[EventType "swiss"]
[EventRounds "7"]
[EventCountry "NED"]
[Source "P.Boonen"]
[SourceDate "2010.01.01"]

1. c4 f5 2. Nc3 Nf6 3. b3 g6 4. Bb2 Bg7 5. Nd5 e6 6. Nf4 O-O 7. Nf3 d6 8. d4
Qe8 9. e3 Ne4 10. Bd3 c6 11. Nd2 Nxd2 12. Qxd2 e5 13. dxe5 dxe5 14. Ne2 Na6 15.
O-O Be6 16. Qa5 Qd8 17. Qc3 Qe7 18. e4 f4 19. f3 g5 20. a4 b6 21. a5 c5 22.
Rad1 Nb4 23. axb6 axb6 24. Bb1 Rfd8 25. Qc1 Nc6 26. Nc3 Nd4 27. Bc2 h5 28. Rd2
g4 29. Nd5 Bxd5 30. exd5 Rd6 31. Bxd4 cxd4 32. Be4 Rf6 33. d6 1-0

[Event "ENCI Limburg-open C"]
[Site "Maastricht"]
[Date "2009.05.31"]
[Round "5"]
[White "De Lange, Marieke"]
[Black "Beukema, Chris"]
[Result "1-0"]
[WhiteElo "1292"]
[BlackElo "862"]
[PlyCount "51"]
[EventDate "2009.05.29"]
[EventType "swiss"]
[EventRounds "7"]
[EventCountry "NED"]
[Source "P.Boonen"]
[SourceDate "2010.01.01"]

1. e4 e5 2. Nf3 Nc6 3. Bb5 d6 4. d4 a6 5. Bxc6+ Bd7 6. Bxb7 Ra7 7. Bd5 c6 8.
Bb3 Be6 9. Bxe6 fxe6 10. O-O Rd7 11. Re1 c5 12. Be3 cxd4 13. Bd2 Nf6 14. c3 Qb6
15. cxd4 Qxb2 16. Bc3 Qb7 17. Qa4 exd4 18. Nxd4 Nxe4 19. Nxe6 Nxc3 20. Nxc3 g6
21. Nc5+ Kd8 22. Nxb7+ Rxb7 23. Nd5 Bg7 24. Rac1 Be5 25. Qxa6 Rf7 26. Qc8# 1-0

[Event "ENCI Limburg-open C"]
[Site "Maastricht"]
[Date "2009.05.31"]
[Round "5"]
[White "De Vries, Paul"]
[Black "Geene, Joris"]
[Result "0-1"]
[WhiteElo "1497"]
[BlackElo "1210"]
[PlyCount "92"]
[EventDate "2009.05.29"]
[EventType "swiss"]
[EventRounds "7"]
[EventCountry "NED"]
[Source "P.Boonen"]
[SourceDate "2010.01.01"]

1. d4 d5 2. c4 Nf6 3. e3 Nc6 4. Nc3 e5 5. dxe5 Nxe5 6. Nxd5 Nxd5 7. cxd5 c6 8.
Ne2 cxd5 9. Nc3 Be6 10. Bb5+ Nc6 11. Qa4 Qb6 12. O-O a6 13. Be2 Bd6 14. Bf3 Qc7
15. g3 Bh3 16. Nxd5 Qd7 17. Nb6 Qf5 18. Bxc6+ bxc6 19. Qxc6+ Ke7 20. Rd1 Rad8
21. f3 Qg6 22. Qe4+ Qxe4 23. fxe4 Rhe8 24. Nd5+ Kf8 25. Nc3 Re6 26. b3 Rc8 27.
Bb2 Be5 28. Rac1 Rec6 29. Rd3 Rg6 30. Rcd1 Bxg3 31. Ba3+ Bd6+ 32. Kf2 Bxa3 33.
Nb1 Rc2+ 34. R1d2 Rxd2+ 35. Nxd2 Rg2+ 36. Kf3 Rg6 37. Nc4 Be7 38. Ne5 Rd6 39.
Rc3 Bf6 40. Rc5 Bxe5 41. Rxe5 Rf6+ 42. Kg3 Bf1 43. Rd5 Ke7 44. a4 Re6 45. b4
Rxe4 46. Kf3 Rxb4 0-1

[Event "ENCI Limburg-open C"]
[Site "Maastricht"]
[Date "2009.05.31"]
[Round "5"]
[White "De Vries, Robert"]
[Black "Ooms, Bart"]
[Result "1/2-1/2"]
[WhiteElo "1543"]
[BlackElo "1739"]
[PlyCount "47"]
[EventDate "2009.05.29"]
[EventType "swiss"]
[EventRounds "7"]
[EventCountry "NED"]
[Source "P.Boonen"]
[SourceDate "2010.01.01"]

1. d4 d5 2. e3 Nf6 3. Nf3 e6 4. Bd3 Be7 5. b3 O-O 6. Nbd2 c5 7. Bb2 b6 8. O-O
Bb7 9. Ne5 Nc6 10. f4 cxd4 11. exd4 Nb4 12. Be2 Rc8 13. c3 Nc6 14. Bd3 Re8 15.
Rf3 Ne4 16. Rh3 Nxe5 17. fxe5 g6 18. Nxe4 dxe4 19. Bc2 f5 20. Qe2 Bf8 21. Rf1
Rc7 22. Rg3 Bh6 23. Qh5 Bg7 24. Qe2 1/2-1/2

[Event "ENCI Limburg-open C"]
[Site "Maastricht"]
[Date "2009.05.31"]
[Round "5"]
[White "Dijkstra, Hidde"]
[Black "Gendarme, Pierre"]
[Result "0-1"]
[WhiteElo "1274"]
[BlackElo "1619"]
[PlyCount "42"]
[EventDate "2009.05.29"]
[EventType "swiss"]
[EventRounds "7"]
[EventCountry "NED"]
[Source "P.Boonen"]
[SourceDate "2010.01.01"]

1. d4 Nf6 2. c4 c5 3. e3 g6 4. Nc3 Bg7 5. f4 O-O 6. Nf3 d6 7. Bd3 Re8 8. O-O e6
9. a3 Nc6 10. Rb1 b6 11. b4 cxd4 12. exd4 Ne7 13. Be2 Bb7 14. Be3 Nf5 15. Qd3
Ng4 16. Bf2 Rc8 17. Rfd1 Nxf2 18. Kxf2 Bxf3 19. Bxf3 Qh4+ 20. Kg1 Bxd4+ 21. Kf1
Qf2# 0-1

[Event "ENCI Limburg-open C"]
[Site "Maastricht"]
[Date "2009.05.31"]
[Round "5"]
[White "Esser, Thomas"]
[Black "Sharifi Shamili, Ashkan"]
[Result "0-1"]
[WhiteElo "1670"]
[BlackElo "1653"]
[PlyCount "40"]
[EventDate "2009.05.29"]
[EventType "swiss"]
[EventRounds "7"]
[EventCountry "NED"]
[Source "P.Boonen"]
[SourceDate "2010.01.01"]

1. e4 d6 2. d4 g6 3. Nc3 a6 4. Bg5 Bg7 5. Qd2 b5 6. Nge2 Nd7 7. O-O-O h6 8. Be3
Ngf6 9. f3 e5 10. g4 exd4 11. Nxd4 Bb7 12. Be2 c5 13. Nb3 c4 14. Nd4 b4 15. Nd5
Bxd5 16. exd5 c3 17. bxc3 Qa5 18. cxb4 Qa3+ 19. Kb1 Nxd5 20. Qd3 Nc3+ 0-1

[Event "ENCI Limburg-open C"]
[Site "Maastricht"]
[Date "2009.05.31"]
[Round "5"]
[White "Fortenbacher, Florian"]
[Black "Daemen, Jules"]
[Result "0-1"]
[WhiteElo "1250"]
[BlackElo "1626"]
[PlyCount "100"]
[EventDate "2009.05.29"]
[EventType "swiss"]
[EventRounds "7"]
[EventCountry "NED"]
[Source "P.Boonen"]
[SourceDate "2010.01.01"]

1. c4 g6 2. Nc3 Bg7 3. g3 d6 4. d4 Nf6 5. Bg2 O-O 6. Bf4 Nbd7 7. Qd2 e5 8. dxe5
Nxe5 9. b3 Re8 10. Rd1 Rb8 11. Bxe5 Rxe5 12. Nf3 Re8 13. O-O Bf5 14. Nd5 Ne4
15. Qa5 c6 16. Qxd8 Rbxd8 17. Nf4 Nc3 18. Rd2 Ne4 19. Rdd1 Bg4 20. h3 Bc8 21.
e3 f5 22. Ne2 Nc3 23. Nxc3 Bxc3 24. Rd3 Bg7 25. Rfd1 Bf8 26. c5 d5 27. b4 Bg7
28. Nd4 a6 29. a4 Bf8 30. b5 Bd7 31. bxc6 bxc6 32. Nb3 Rb8 33. Kf1 Rb4 34. a5
Reb8 35. Rb1 Bxc5 36. Ke1 Bd6 37. Kd2 Bc7 38. Kc2 Bxa5 39. Nd2 Rxb1 40. Nxb1
Be1 41. f4 Bxg3 42. e4 Bxf4 43. exd5 Rc8 44. dxc6 Bxc6 45. Bxc6 Rxc6+ 46. Nc3
Be5 47. Rd8+ Kf7 48. Rd3 Rxc3+ 49. Rxc3 Bxc3 50. Kxc3 Ke6 0-1

[Event "ENCI Limburg-open C"]
[Site "Maastricht"]
[Date "2009.05.31"]
[Round "5"]
[White "Frijns, Raoul"]
[Black "Yue, Tim"]
[Result "0-1"]
[WhiteElo "1632"]
[BlackElo "1497"]
[PlyCount "58"]
[EventDate "2009.05.29"]
[EventType "swiss"]
[EventRounds "7"]
[EventCountry "NED"]
[Source "P.Boonen"]
[SourceDate "2010.01.01"]

1. d4 d5 2. c4 e6 3. Nc3 c6 4. Nf3 Nf6 5. Bg5 Nbd7 6. e3 g6 7. Bd3 Bg7 8. O-O
O-O 9. Rc1 Qe8 10. Bf4 Qd8 11. Qc2 dxc4 12. Bxc4 Nb6 13. Bb3 Nbd5 14. Be5 Ng4
15. Bxg7 Kxg7 16. Qd2 Ngf6 17. Rfe1 b6 18. Ne5 Bb7 19. Ne2 Rc8 20. a3 Nd7 21.
Nxd7 Qxd7 22. Ng3 Ne7 23. Qc3 Kg8 24. Ne4 Qd8 25. Nf6+ Kh8 26. d5 cxd5 27. Qe5
Nc6 28. Rxc6 Rxc6 29. Qd4 e5 0-1